Music Quiz

Random Music or Song Quiz
Score 0/36 Timer 09:00
5 Plays Today
Hint Answer % Correct
Ending in 'ACK'Baby Got Back
63.3%
Ending in 'INE'Red Red Wine
57.5%
Ending in 'INE'Sweet Child O' Mine
56.4%
Ending in 'DAY'Yesterday
54.9%
Ending in 'DAY'Bad Day
52.3%
Ending in 'ION'Superstition
46.9%
Ending in 'VER'Daydream Believer / I'm A Believer
46.5%
Ending in 'ION'(I Can't Get No) Satisfaction
44.9%
Ending in 'ION'Celebration
41.3%
Ending in 'INE'I Heard It Through The Grapevine
39.7%
Ending in 'ACK'Hit The Road Jack
39.6%
Ending in 'TER'Bridge Over Troubled Water
39.4%
Ending in 'ACK'Paint It, Black
37.2%
Ending in 'OWN'Funkytown
36.1%
Ending in 'ONE'Alone
36.1%
Ending in 'ING'Money For Nothing
35.3%
Ending in 'DAY'Monday, Monday
34.3%
Ending in 'VER'Night Fever
33.5%
Hint Answer % Correct
Ending in 'TER'Maneater
33.4%
Ending in 'ONE'No One
31.5%
Ending in 'DAY'Ruby Tuesday
27.7%
Ending in 'OWN'The Tears Of A Clown
27.4%
Ending in 'ING'Kung Fu Fighting
26.6%
Ending in 'OWN'Bad, Bad Leroy Brown
26.5%
Ending in 'ION'The Loco-Motion
25.6%
Ending in 'ING'I Gotta Feeling
24.4%
Ending in 'ING'I Don't Want To Miss A Thing
24%
Ending in 'ACK'Leader Of The Pack
16.4%
Ending in 'VER'(Just Like) Starting Over
16.3%
Ending in 'OWN'Sundown
15.8%
Ending in 'VER'50 Ways To Leave Your Lover
15.6%
Ending in 'INE'Bad Medicine
15.5%
Ending in 'TER'Mrs. Brown You've Got A Lovely Daughter
14%
Ending in 'TER'Paperback Writer
12.1%
Ending in 'ONE'Papa Was A Rollin' Stone
10.6%
Ending in 'ONE'Easier Said Than Done
3.5%
Remove Ads.
Support Sporcle.
Get the best of Sporcle when you Go Orange. This ad-free experience offers more features, more stats, and more fun while also helping to support Sporcle. Thank you for becoming a member.

You're not logged in!

Compare scores with friends on all Sporcle quizzes.
OR
Log In

Show Comments

Extras

Top Quizzes Today


Score Distribution

Your Account Isn't Verified!

In order to create a playlist on Sporcle, you need to verify the email address you used during registration. Go to your Sporcle Settings to finish the process.

Report this User

Report this user for behavior that violates our Community Guidelines.

Details: